[Event "UK Armed Forces ch"]
[Site "Wittering"]
[Date "2023.04.15"]
[Round "3.2"]
[White "Tenin, Aleksander"]
[Black "Bradley, William"]
[Result "1/2-1/2"]
[WhiteElo "2072"]
[BlackElo "1831"]
[PlyCount "71"]
[EventDate "2023.04.14"]
[EventType "swiss"]
[EventRounds "7"]
[EventCountry "ENG"]
[SourceVersionDate "2023.04.22"]

1. e4 c5 2. Nf3 d6 3. Nc3 Nf6 4. Bc4 Nc6 5. d4 cxd4 6. Nxd4 e6 7. Bg5 a6 8. Qd2
Be7 9. O-O-O Ne5 10. Be2 h6 11. Bf4 Ng6 12. Bg3 O-O 13. h4 Qc7 14. f4 Rd8 15.
Qe3 b5 16. e5 Ne8 17. Bf3 Bb7 18. exd6 Bxd6 19. Bxb7 Qxb7 20. f5 exf5 21. Nxf5
Bxg3 22. Qxg3 Qc7 23. Qxc7 Nxc7 24. Rde1 Re8 25. g3 Kf8 26. Rhf1 Rad8 27. Ne4
Ne5 28. Ned6 Re6 29. Nb7 Rd5 30. Kb1 Nc4 31. Rxe6 Nd2+ 32. Kc1 Nxf1 33. Rc6
Rxf5 34. Rxc7 Nxg3 35. Rc8+ Ke7 36. Rc7+ 1/2-1/2

[Event "UK Armed Forces ch"]
[Site "Wittering"]
[Date "2023.04.15"]
[Round "3.3"]
[White "Parker, Glen D"]
[Black "Barnes, David"]
[Result "1/2-1/2"]
[WhiteElo "2053"]
[BlackElo "1789"]
[PlyCount "64"]
[EventDate "2023.04.14"]
[EventType "swiss"]
[EventRounds "7"]
[EventCountry "ENG"]
[SourceVersionDate "2023.04.22"]

1. e4 e5 2. Nf3 Nf6 3. Nc3 Nc6 4. Bb5 d6 5. d4 Bd7 6. Bg5 Be7 7. dxe5 Nxe5 8.
Nxe5 dxe5 9. Qd3 c6 10. Bc4 Qc7 11. O-O-O O-O-O 12. Qe2 Bg4 13. f3 Bh5 14. g4
Bg6 15. Be3 Nd7 16. Bxa7 Nc5 17. b4 b6 18. Ba6+ Nxa6 19. Qxa6+ Qb7 20. Qxb6
Bxb4 21. Kb2 f6 22. Na4 Ba5 23. Qxb7+ Kxb7 24. Bc5 Kc7 25. Rd3 Rxd3 26. cxd3
Bf7 27. Nc3 Rb8+ 28. Kc2 Kd7 29. a3 Bb3+ 30. Kd2 Be6 31. Kc2 Bb3+ 32. Kd2 Be6
1/2-1/2

[Event "UK Armed Forces ch"]
[Site "Wittering"]
[Date "2023.04.15"]
[Round "3.4"]
[White "Ross, David C (Snr)"]
[Black "Wells, Daniel J"]
[Result "1/2-1/2"]
[WhiteElo "1695"]
[BlackElo "2042"]
[PlyCount "52"]
[EventDate "2023.04.14"]
[EventType "swiss"]
[EventRounds "7"]
[EventCountry "ENG"]
[SourceVersionDate "2023.04.22"]

1. e4 c5 2. Nf3 Nc6 3. Bd3 g6 4. c3 Bg7 5. Bc2 d5 6. exd5 Qxd5 7. d3 Bg4 8.
Nbd2 Rd8 9. h3 Bf5 10. Ne4 c4 11. Nfd2 cxd3 12. Bb3 Qe5 13. O-O Bxe4 14. Re1 f5
15. Kh1 Qd6 16. Rxe4 fxe4 17. Nxe4 Qe5 18. Ng5 Bf6 19. Ne6 Qe2 20. Bf4 Be5 21.
Bxe5 Nxe5 22. Ba4+ Nc6 23. Qb3 Rd7 24. Ng7+ Kf8 25. Ne6+ Ke8 26. Ng7+ Kf8
1/2-1/2

[Event "UK Armed Forces ch"]
[Site "Wittering"]
[Date "2023.04.15"]
[Round "3.5"]
[White "Thurlow, Kevin J"]
[Black "O'Byrne, Danny"]
[Result "1/2-1/2"]
[WhiteElo "2009"]
[BlackElo "1682"]
[Annotator "Thurlow, Kevin J"]
[PlyCount "51"]
[EventDate "2023.04.14"]
[EventType "swiss"]
[EventRounds "7"]
[EventCountry "ENG"]
[SourceVersionDate "2023.04.22"]

1. c4 c5 2. Nc3 Nc6 3. Nf3 Nf6 4. d4 cxd4 5. Nxd4 Nxd4 6. Qxd4 g6 7. e4 d6 8.
Bg5 Bg7 9. Nd5 O-O 10. Bxf6 exf6 11. Qd2 f5 12. exf5 Bxf5 13. Be2 Be4 {(=)} 14.
O-O Bxd5 15. Qxd5 Qb6 16. Rab1 Rab8 17. b3 Qc5 18. Rbd1 Rfd8 19. Kh1 b6 20. f4
Qxd5 21. Rxd5 f5 22. Bf3 Rbc8 23. Rfd1 Bf8 24. R5d3 Kg7 25. Bd5 Re8 26. Kg1
1/2-1/2

[Event "UK Armed Forces ch"]
[Site "Wittering"]
[Date "2023.04.15"]
[Round "3.6"]
[White "Officer, Paul"]
[Black "Tucker, David S"]
[Result "1/2-1/2"]
[WhiteElo "1668"]
[BlackElo "2000"]
[PlyCount "69"]
[EventDate "2023.04.14"]
[EventType "swiss"]
[EventRounds "7"]
[EventCountry "ENG"]
[SourceVersionDate "2023.04.22"]

1. e4 c5 2. Nf3 Nc6 3. d4 cxd4 4. Nxd4 g6 5. Nc3 Bg7 6. Be3 Nf6 7. Bc4 O-O 8.
Bb3 a5 9. f3 d5 10. exd5 Nb4 11. O-O Nfxd5 12. Nxd5 Nxd5 13. Bxd5 Qxd5 14. c3
Rd8 15. Nb5 Qxd1 16. Raxd1 Bf5 17. Nd4 Bd7 18. Rd2 e5 19. Nb3 Bb5 20. Rfd1 Bf6
21. Nc5 Bc6 22. Ne4 Be7 23. Bg5 Bxg5 24. Nxg5 Re8 25. Ne4 Kg7 26. Rd6 f5 27.
Nc5 Kf7 28. Kf2 Re7 29. R1d2 Rc8 30. Nb3 a4 31. Na5 e4 32. fxe4 Bxe4 33. R2d4
g5 34. Rxa4 Rce8 35. Rd2 1/2-1/2

[Event "UK Armed Forces ch"]
[Site "Wittering"]
[Date "2023.04.15"]
[Round "3.7"]
[White "Graham, Frazer"]
[Black "Cooney, Jack"]
[Result "1-0"]
[WhiteElo "1967"]
[BlackElo "1130"]
[PlyCount "71"]
[EventDate "2023.04.14"]
[EventType "swiss"]
[EventRounds "7"]
[EventCountry "ENG"]
[SourceVersionDate "2023.04.22"]

1. d4 d5 2. Nf3 Nf6 3. Bg5 e6 4. Nbd2 Be7 5. e3 O-O 6. Bd3 Nbd7 7. c3 c5 8. O-O
b6 9. Ne5 Bb7 10. Qa4 Nxe5 11. dxe5 Nd7 12. Qh4 f5 13. Bxe7 Qe8 14. Bxf8 Qxf8
15. f4 c4 16. Bc2 b5 17. Nf3 Qc5 18. Nd4 Nf8 19. g4 g6 20. gxf5 exf5 21. Rf3 b4
22. Rg3 bxc3 23. bxc3 Qa3 24. Nxf5 Nd7 25. Qh6 Qf8 26. Qxf8+ Rxf8 27. Nd6 Ba6
28. Rb1 d4 29. exd4 Rxf4 30. Rf1 Rxf1+ 31. Kxf1 Nb6 32. Be4 Na4 33. Rf3 Nb2 34.
e6 Nd3 35. e7 Bb5 36. Nxb5 1-0

[Event "UK Armed Forces ch"]
[Site "Wittering"]
[Date "2023.04.15"]
[Round "3.8"]
[White "Wride, Edward"]
[Black "Treasurer, John"]
[Result "0-1"]
[WhiteElo "1552"]
[BlackElo "2066"]
[PlyCount "48"]
[EventDate "2023.04.14"]
[EventType "swiss"]
[EventRounds "7"]
[EventCountry "ENG"]
[SourceVersionDate "2023.04.22"]

1. d4 Nf6 2. Bf4 g6 3. Nf3 Bg7 4. e3 O-O 5. Bd3 d6 6. O-O Re8 7. h3 Nbd7 8. Bh2
c5 9. c3 a6 10. Nbd2 b5 11. Re1 Bb7 12. Qc2 Rc8 13. Ne4 Qb6 14. Nxf6+ Bxf6 15.
Be4 d5 16. Bd3 e5 17. dxe5 Nxe5 18. Nxe5 Bxe5 19. Bxe5 Rxe5 20. Be2 d4 21. Bf3
Bxf3 22. gxf3 Qe6 23. Kg2 Rg5+ 24. Kh2 Rh5 0-1

[Event "UK Armed Forces ch"]
[Site "Wittering"]
[Date "2023.04.15"]
[Round "3.9"]
[White "Nelder, Alan J"]
[Black "Portman, Carl S"]
[Result "0-1"]
[WhiteElo "1596"]
[BlackElo "1930"]
[PlyCount "56"]
[EventDate "2023.04.14"]
[EventType "swiss"]
[EventRounds "7"]
[EventCountry "ENG"]
[SourceVersionDate "2023.04.22"]

1. e4 c6 2. d4 d5 3. f3 e6 4. Bf4 Bd6 5. Ne2 h6 6. Nbc3 Ne7 7. Qd2 Qc7 8. e5
Bb4 9. Ng3 c5 10. a3 cxd4 11. axb4 dxc3 12. bxc3 Ng6 13. Be3 Nxe5 14. Rxa7 Rxa7
15. Bxa7 Nbd7 16. Bb5 b6 17. Qd4 O-O 18. Nh5 Qxa7 19. Bxd7 Bxd7 20. Qxe5 f6 21.
Qg3 Be8 22. Nf4 Qa1+ 23. Kd2 Qxh1 24. Nxe6 Rf7 25. Qb8 Qxg2+ 26. Kc1 Re7 27.
Qd6 Qg1+ 28. Kb2 Ra7 0-1

[Event "UK Armed Forces ch"]
[Site "Wittering"]
[Date "2023.04.15"]
[Round "3.10"]
[White "Simpson, Jack"]
[Black "Foulds, Andrew"]
[Result "0-1"]
[WhiteElo "1500"]
[BlackElo "1814"]
[PlyCount "94"]
[EventDate "2023.04.14"]
[EventType "swiss"]
[EventRounds "7"]
[EventCountry "ENG"]
[SourceVersionDate "2023.04.22"]

1. e4 d5 2. exd5 Nf6 3. Nc3 Nxd5 4. Nxd5 Qxd5 5. h3 Nc6 6. Nf3 e5 7. b3 Nd4 8.
Bc4 Qe4+ 9. Kf1 Nxf3 10. Qxf3 Qxf3 11. gxf3 Bf5 12. Bb2 f6 13. Re1 O-O-O 14. d3
a6 15. a4 Bd7 16. d4 exd4 17. Bxd4 Bc6 18. Be6+ Kb8 19. Be3 Bxf3 20. Rg1 Bb4
21. Rb1 g6 22. Bg4 Be4 23. Rd1 Bxc2 24. Rxd8+ Rxd8 25. Be6 Rd1+ 26. Kg2 Rxg1+
27. Kxg1 Bd6 28. Kg2 b5 29. axb5 axb5 30. Bd2 c5 31. Kf3 Kc7 32. Bf4 Bxf4 33.
Kxf4 Kd6 34. Bg8 h5 35. h4 Bd3 36. Ke3 Bf5 37. f3 Be6 38. Bxe6 Kxe6 39. Kd3 Kd5
40. f4 c4+ 41. bxc4+ bxc4+ 42. Kc3 Ke4 43. Kxc4 Kxf4 44. Kd5 Kg4 45. Ke6 f5 46.
Kf6 f4 47. Kxg6 f3 0-1

[Event "UK Armed Forces ch"]
[Site "Wittering"]
[Date "2023.04.15"]
[Round "3.11"]
[White "Dray-Pearce, Tristan"]
[Black "Collins, Nigel"]
[Result "1-0"]
[WhiteElo "1766"]
[BlackElo "1446"]
[PlyCount "80"]
[EventDate "2023.04.14"]
[EventType "swiss"]
[EventRounds "7"]
[EventCountry "ENG"]
[SourceVersionDate "2023.04.22"]

1. d4 Nf6 2. Nc3 d5 3. Bf4 g6 4. e3 Bg7 5. h4 h5 6. Be2 O-O 7. Nf3 c5 8. Ne5
cxd4 9. exd4 Nc6 10. Nxc6 bxc6 11. Be5 Bf5 12. Na4 Bh6 13. Bxf6 exf6 14. Nc5
Re8 15. O-O Qb6 16. b3 Bf8 17. Na4 Qc7 18. Bd3 Bxd3 19. Qxd3 Re4 20. g3 Rae8
21. Nc3 Re3 $1 22. Qd2 (22. fxe3 Qxg3+ 23. Kh1 Rxe3 24. Qd2 Qxh4+ {with a
dangerous attack.}) 22... Rxg3+ 23. fxg3 Qxg3+ 24. Qg2 Qxc3 {An enterprising
idea, leading to a difficult position for both sides!} 25. Rad1 Qe3+ 26. Qf2
Qxf2+ 27. Kxf2 f5 28. Rfe1 Re4 29. Kg3 Be7 30. Rxe4 fxe4 31. c4 Bd6+ 32. Kf2 f5
33. cxd5 cxd5 34. Rc1 Kf7 35. Rc6 Ke6 36. Ra6 f4 37. Rxa7 Kf5 38. Rf7+ Kg4 39.
Rf6 e3+ 40. Ke2 Kxh4 {Black lost on time.} 1-0

[Event "UK Armed Forces ch"]
[Site "Wittering"]
[Date "2023.04.15"]
[Round "3.12"]
[White "Millener, Richard P"]
[Black "Hill, Thomas"]
[Result "1-0"]
[WhiteElo "1740"]
[BlackElo "1450"]
[PlyCount "59"]
[EventDate "2023.04.14"]
[EventType "swiss"]
[EventRounds "7"]
[EventCountry "ENG"]
[SourceVersionDate "2023.04.22"]

1. d4 d6 2. e4 g6 3. Nc3 Bg7 4. Be3 Nc6 5. f4 e5 6. dxe5 dxe5 7. Qxd8+ Nxd8 8.
Nb5 Ne6 9. f5 a6 10. fxe6 axb5 11. Bxb5+ c6 12. exf7+ Kxf7 13. Bd3 Bg4 14. h3
Bd7 15. Nf3 Ne7 16. O-O Ke8 17. Bc4 b5 18. Bb3 Rc8 19. Bc5 Rf8 20. Ng5 Rxf1+
21. Rxf1 h6 22. Nf7 Rb8 23. Nd6+ Kd8 24. Rf7 Bh8 25. Rh7 Kc7 26. Rxe7 Rf8 27.
Be6 Rd8 28. Nf7 Ra8 29. Rxd7+ Kb8 30. Bd6+ 1-0

[Event "UK Armed Forces ch"]
[Site "Wittering"]
[Date "2023.04.15"]
[Round "3.13"]
[White "Harberd, Matthew"]
[Black "Morrison, Munroe L"]
[Result "0-1"]
[WhiteElo "1323"]
[BlackElo "1704"]
[PlyCount "62"]
[EventDate "2023.04.14"]
[EventType "swiss"]
[EventRounds "7"]
[EventCountry "ENG"]
[SourceVersionDate "2023.04.22"]

1. e4 d6 2. d4 Nf6 3. Nc3 Nbd7 4. Bd3 e5 5. d5 Be7 6. f4 c6 7. Qf3 cxd5 8. Nxd5
Nxd5 9. exd5 Nc5 10. fxe5 Nxd3+ 11. Qxd3 dxe5 12. Qb5+ Qd7 13. Qxd7+ Bxd7 14.
Be3 Bd6 15. a3 b6 16. c4 O-O 17. Nf3 f5 18. b4 e4 19. Nd2 Be5 20. O-O-O Ba4 21.
Rde1 f4 22. Bg1 e3 23. Bxe3 fxe3 24. Rxe3 Bf4 25. Rd3 Rac8 26. g3 Bxd2+ 27.
Kxd2 Rxc4 28. d6 Rc2+ 29. Ke3 Rd8 30. Re1 Re8+ 31. Kf4 Rxe1 0-1

[Event "UK Armed Forces ch"]
[Site "Wittering"]
[Date "2023.04.15"]
[Round "3.14"]
[White "Lavender, Lee"]
[Black "Fielding, Michael"]
[Result "0-1"]
[WhiteElo "1437"]
[BlackElo "1743"]
[Annotator "Thurlow, Kevin J"]
[PlyCount "94"]
[EventDate "2023.04.14"]
[EventType "swiss"]
[EventRounds "7"]
[EventCountry "ENG"]
[SourceVersionDate "2023.04.22"]

1. d4 f5 2. Bg5 h6 3. Bh4 g5 4. e3 Nf6 5. Bg3 d6 6. Nc3 Bg7 7. Bc4 e6 8. Nf3
Nc6 9. d5 exd5 10. Nxd5 Na5 11. c3 Nxc4 12. Qa4+ c6 13. Nxf6+ Qxf6 14. Qxc4 d5
15. Qb4 a5 16. Qb6 Qe7 17. O-O O-O 18. Rad1 Rf7 19. c4 Ra6 20. Qb3 a4 21. Qd3
dxc4 22. Qd8+ Qxd8 23. Rxd8+ Rf8 24. Rfd1 Be6 25. Be5 Bd5 26. Rxf8+ Kxf8 27.
Bxg7+ Kxg7 28. Nd4 Kf6 29. f3 a3 30. Rd2 axb2 31. Rxb2 {(=)} b5 32. Rc2 Rb6 33.
Kf2 c5 34. Ne2 b4 35. Ke1 c3 36. Nc1 Ra6 37. h3 Ke7 38. Ke2 Bc4+ 39. Kf2 {(=)}
Rd6 40. Nb3 Bxb3 41. axb3 Ra6 42. Ke2 Ra3 43. Kd3 Rxb3 44. g4 fxg4 45. hxg4 Ra3
46. Kc4 b3 47. Rxc3 b2 0-1

[Event "UK Armed Forces ch"]
[Site "Wittering"]
[Date "2023.04.15"]
[Round "3.15"]
[White "Jennings, Jim"]
[Black "Glover, John"]
[Result "0-1"]
[WhiteElo "1358"]
[BlackElo "1656"]
[PlyCount "42"]
[EventDate "2023.04.14"]
[EventType "swiss"]
[EventRounds "7"]
[EventCountry "ENG"]
[SourceVersionDate "2023.04.22"]

1. e4 d5 2. exd5 Qxd5 3. Nc3 Qd8 4. d4 Nf6 5. Nf3 c6 6. Bd3 Bg4 7. h3 Bh5 8.
Be3 e6 9. g4 Bg6 10. Qd2 Be7 11. O-O-O Bb4 12. Bg5 Qa5 13. Bc4 Nd5 14. Bxd5
cxd5 15. Kb1 Nd7 16. Ne5 Rc8 17. Qe3 Bxc3 18. Rhf1 Qb6 19. Nd3 Bxd3 20. Qc1
Bxd4 21. Ka1 Rxc2 0-1

[Event "UK Armed Forces ch"]
[Site "Wittering"]
[Date "2023.04.15"]
[Round "3.16"]
[White "Knipe, Matthew"]
[Black "McBride, Robert"]
[Result "1-0"]
[WhiteElo "1654"]
[BlackElo "1350"]
[PlyCount "113"]
[EventDate "2023.04.14"]
[EventType "swiss"]
[EventRounds "7"]
[EventCountry "ENG"]
[SourceVersionDate "2023.04.22"]

1. e4 e5 2. Nc3 a6 3. Bc4 Bc5 4. Nf3 Nc6 5. O-O b5 6. Bd5 Bb7 7. d3 b4 8. Na4
d6 9. Nxc5 dxc5 10. Bxc6+ Bxc6 11. Nxe5 Ne7 12. Qf3 f6 13. Nxc6 Nxc6 14. Qh5+
g6 15. Qxc5 Qd6 16. Be3 O-O 17. Qxd6 cxd6 18. f4 Rae8 19. Rfe1 Kg7 20. a3 h6
21. Rac1 Rb8 22. axb4 Nxb4 23. b3 Rfc8 24. Re2 a5 25. Rd2 Na2 26. Ra1 Nb4 27.
c4 Ra8 28. Bd4 Rcb8 29. e5 fxe5 30. fxe5 Nc6 31. Be3 dxe5 32. Rb2 Rd8 33. Rd2
Rdb8 34. Ra3 g5 35. Kf2 Rb7 36. Bc5 Rf7+ 37. Ke3 Kg6 38. Raa2 Rd7 39. Bb6 Ra6
40. c5 Nd4 41. b4 Nf5+ 42. Ke2 a4 43. b5 Nd4+ 44. Ke1 Nxb5 45. c6 Rd6 46. Rdc2
Rxd3 47. c7 Re3+ 48. Kf2 Rc3 49. Rxc3 Nxc3 50. Rc2 Ne4+ 51. Ke2 Nd6 52. Rc6 a3
53. Rxd6+ Kf5 54. Rd8 Ra4 55. c8=Q+ Kg6 56. Qe6+ Kh5 57. Qe8+ 1-0

[Event "UK Armed Forces ch"]
[Site "Wittering"]
[Date "2023.04.15"]
[Round "3.17"]
[White "Eddershaw, John HT"]
[Black "Woodrough, Thomas"]
[Result "1-0"]
[WhiteElo "1356"]
[BlackElo "1600"]
[PlyCount "73"]
[EventDate "2023.04.14"]
[EventType "swiss"]
[EventRounds "7"]
[EventCountry "ENG"]
[SourceVersionDate "2023.04.22"]

1. d4 f5 2. Nc3 Nf6 3. Bg5 d6 4. Bxf6 exf6 5. g3 g6 6. Bg2 Bg7 7. f4 O-O 8. Qd2
c6 9. d5 Re8 10. O-O-O c5 11. e3 Nd7 12. Nge2 Nb6 13. b3 Bd7 14. Rhe1 c4 15.
Nd4 a6 16. Re2 Qc8 17. Kb2 Qc5 18. Ne6 Bxe6 19. dxe6 Re7 20. Qd4 Qc7 21. Nd5
Nxd5 22. Bxd5 cxb3 23. cxb3 Rc8 24. Qc4 Qb8 25. Qd3 Kh8 26. Rc1 Rec7 27. Rec2
Rxc2+ 28. Rxc2 Rxc2+ 29. Qxc2 Qe8 30. Bxb7 Qxe6 31. Bxa6 Bf8 32. Qc8 Qf7 33.
Bc4 Qg7 34. a4 Qh6 35. h4 Qg7 36. a5 h6 37. a6 1-0

[Event "UK Armed Forces ch"]
[Site "Wittering"]
[Date "2023.04.15"]
[Round "3.18"]
[White "Searle, Tristan"]
[Black "Woolf, Ben"]
[Result "0-1"]
[WhiteElo "1345"]
[BlackElo "1596"]
[PlyCount "92"]
[EventDate "2023.04.14"]
[EventType "swiss"]
[EventRounds "7"]
[EventCountry "ENG"]
[SourceVersionDate "2023.04.22"]

1. e4 c6 2. d4 d5 3. Nc3 dxe4 4. Nxe4 Bf5 5. Ng3 Bg6 6. Nf3 Nf6 7. Bd3 e6 8. c3
Nbd7 9. O-O Bd6 10. Bg5 Qc7 11. Qc2 O-O-O 12. Rfc1 Rde8 13. c4 e5 14. c5 e4 15.
cxd6 Qxd6 16. Nxe4 Nxe4 17. Be3 Ndf6 18. d5 Nxd5 19. Bxa7 Nxf2 20. Qxf2 Bxd3
21. Qd4 Be4 22. Ng5 Qg6 23. Nxe4 Rxe4 24. Qf2 Rhe8 25. Re1 Rxe1+ 26. Rxe1 Rxe1+
27. Qxe1 Qe6 28. Qxe6+ fxe6 29. Bd4 g6 30. Kf2 Kd7 31. Kf3 Kd6 32. Ke4 b6 33.
Bf2 Nf6+ 34. Kf3 b5 35. b4 Kd5 36. Ke2 Ne4 37. Be1 Kc4 38. Ke3 Nc3 39. Bxc3
Kxc3 40. a3 Kb3 41. Kd4 Kxa3 42. Ke5 Kxb4 43. Kxe6 c5 44. Kd5 c4 45. Kd4 Kb3
46. Ke3 c3 0-1

[Event "UK Armed Forces ch"]
[Site "Wittering"]
[Date "2023.04.15"]
[Round "3.19"]
[White "Buckingham, Michael J"]
[Black "Jackson, Richard"]
[Result "0-1"]
[WhiteElo "1567"]
[BlackElo "1332"]
[Annotator "Thurlow, Kevin J"]
[PlyCount "50"]
[EventDate "2023.04.14"]
[EventType "swiss"]
[EventRounds "7"]
[EventCountry "ENG"]
[SourceVersionDate "2023.04.22"]

1. e4 e5 2. Nf3 Nc6 3. Bc4 h6 4. d4 exd4 5. Nxd4 Ne5 6. Bb3 Nf6 7. f4 Nxe4 8.
Qe2 Qh4+ 9. g3 Nxg3 10. Qxe5+ Be7 11. Nf3 Qg4 12. Rg1 Qxf3 13. hxg3 Qg4 14. Nc3
d6 15. Qe3 Be6 16. Nd5 Kd8 17. Bd2 Re8 18. Kf2 c6 19. Ba5+ Kd7 20. Nc7 b6 21.
Nxa8 Bxb3 22. axb3 Bf6 23. Qd3 Bd4+ $1 24. Kf1 (24. Qxd4 Qe2#) 24... Qh3+ 25.
Rg2 Qh1+ 0-1

[Event "UK Armed Forces ch"]
[Site "Wittering"]
[Date "2023.04.15"]
[Round "3.20"]
[White "Nganga, Charles"]
[Black "Turvey, Adam"]
[Result "0-1"]
[WhiteElo "1340"]
[BlackElo "1562"]
[PlyCount "88"]
[EventDate "2023.04.14"]
[EventType "swiss"]
[EventRounds "7"]
[EventCountry "ENG"]
[SourceVersionDate "2023.04.22"]

1. d4 d5 2. e3 c6 3. Nf3 Bg4 4. Nbd2 e6 5. Bd3 Nd7 6. O-O Ngf6 7. a3 Be7 8. c4
O-O 9. b4 a6 10. Bb2 Bh5 11. Qb1 Bg6 12. Ne5 Nxe5 13. dxe5 Bxd3 14. Qxd3 Nd7
15. cxd5 cxd5 16. Rad1 Rc8 17. b5 Nc5 18. Qe2 Qb6 19. Bd4 Qxb5 20. Qg4 Qa4 21.
Ra1 Nb3 22. Nxb3 Qxb3 23. a4 Rc4 24. Rfb1 Qd3 25. Rxb7 Rfc8 26. Rbb1 Rxa4 27.
h3 Rxa1 28. Rxa1 h6 29. Qg3 Rc2 30. Rf1 Bc5 31. Bxc5 Rxc5 32. Qh4 Rc8 33. Ra1
Qb5 34. g4 a5 35. g5 Rc4 36. Qh5 hxg5 37. Qxg5 Rc8 38. h4 Qe2 39. h5 Rc4 40. f4
Qxe3+ 41. Kh1 Qh3+ 42. Kg1 Rc2 43. Rb1 Qh2+ 44. Kf1 Qf2# 0-1

[Event "UK Armed Forces ch"]
[Site "Wittering"]
[Date "2023.04.15"]
[Round "3.21"]
[White "Blair, Jimmy"]
[Black "Owens, Charles"]
[Result "1-0"]
[WhiteElo "1509"]
[BlackElo "1220"]
[PlyCount "77"]
[EventDate "2023.04.14"]
[EventType "swiss"]
[EventRounds "7"]
[EventCountry "ENG"]
[SourceVersionDate "2023.04.22"]

1. e4 c6 2. Nf3 d5 3. e5 Bg4 4. h3 Bh5 5. g4 Bg6 6. d4 e6 7. Bd3 c5 8. Bxg6
hxg6 9. Be3 c4 10. c3 f6 11. Nbd2 Qb6 12. Qc2 Ne7 13. exf6 gxf6 14. g5 f5 15.
Ne5 Nbc6 16. Bf4 Bg7 17. Ndf3 Nxe5 18. Nxe5 Rh4 19. Qa4+ Nc6 20. Nxc6 bxc6 21.
Bd6 Re4+ 22. Kf1 Rc8 23. Rb1 Rd8 24. Bc5 Qc7 25. Qxa7 Qxa7 26. Bxa7 Ra8 27. Bc5
Rxa2 28. h4 Rg4 29. f3 Rf4 30. Kf2 Kd7 31. Kg3 e5 32. h5 Ra8 33. h6 Bh8 34. Ra1
Rg4+ 35. fxg4 f4+ 36. Kf3 Re8 37. Ra7+ Ke6 38. Rc7 Rd8 39. Re7# 1-0

[Event "UK Armed Forces ch"]
[Site "Wittering"]
[Date "2023.04.15"]
[Round "3.22"]
[White "Bradley, Eric"]
[Black "Rossetti, Oliver"]
[Result "0-1"]
[WhiteElo "1234"]
[BlackElo "1500"]
[PlyCount "52"]
[EventDate "2023.04.14"]
[EventType "swiss"]
[EventRounds "7"]
[EventCountry "ENG"]
[SourceVersionDate "2023.04.22"]

1. e4 c6 2. d4 d5 3. e5 Bf5 4. Bd3 Bxd3 5. Qxd3 e6 6. Nf3 Nd7 7. O-O c5 8. c4
Ne7 9. Ng5 dxc4 10. Qxc4 h6 11. Ne4 Nf5 12. Nxc5 Rc8 13. Qa4 Bxc5 14. dxc5 O-O
15. Rd1 Rc7 16. b4 Qe7 17. Qxa7 Nxe5 18. Bf4 Rd7 19. Nc3 Nc6 20. Qa4 Ncd4 21.
g4 Nf3+ 22. Kh1 Rxd1+ 23. Qxd1 Qh4 24. b5 Qxg4 25. Bg3 Qh3 26. c6 Nxg3+ 0-1

[Event "UK Armed Forces ch"]
[Site "Wittering"]
[Date "2023.04.15"]
[Round "3.23"]
[White "Lock, Benedict"]
[Black "Chapman, Chas"]
[Result "0-1"]
[WhiteElo "1200"]
[BlackElo "1499"]
[PlyCount "78"]
[EventDate "2023.04.14"]
[EventType "swiss"]
[EventRounds "7"]
[EventCountry "ENG"]
[SourceVersionDate "2023.04.22"]

1. e4 c5 2. Nf3 d6 3. b3 g6 4. Bb2 Nf6 5. Bxf6 exf6 6. c4 Bg7 7. Nc3 O-O 8. Rb1
Re8 9. d3 f5 10. Nd5 fxe4 11. dxe4 Rxe4+ 12. Be2 Bg4 13. O-O Nc6 14. Qd2 Qd7
15. Rbe1 Rae8 16. h3 Bxf3 17. Bxf3 Rxe1 18. Rxe1 Rxe1+ 19. Qxe1 Qe6 20. Qe4
Qxe4 21. Bxe4 b6 22. Nf6+ Bxf6 23. Bxc6 g5 24. Kf1 h5 25. g4 hxg4 26. hxg4 Be5
27. Ke2 Kg7 28. Be4 Kf6 29. Bf5 Ke7 30. Kd3 Kd8 31. Ke4 Kc7 32. Kd5 a6 33. Ke4
b5 34. cxb5 axb5 35. Kd5 Kb6 36. Bd7 Ka5 37. a4 bxa4 38. bxa4 Kb4 39. Kc6 Kxa4
0-1

[Event "UK Armed Forces ch"]
[Site "Wittering"]
[Date "2023.04.15"]
[Round "3.24"]
[White "O'Neill, Stephen G"]
[Black "Cox, Jamie"]
[Result "1-0"]
[WhiteElo "1483"]
[BlackElo "1182"]
[PlyCount "87"]
[EventDate "2023.04.14"]
[EventType "swiss"]
[EventRounds "7"]
[EventCountry "ENG"]
[SourceVersionDate "2023.04.22"]

1. d4 d5 2. c4 c5 3. e3 Nf6 4. Nf3 Nc6 5. Bd3 Bg4 6. dxc5 e5 7. Be2 dxc4 8. Qa4
Qa5+ 9. Qxa5 Nxa5 10. Nxe5 Bxe2 11. Kxe2 Rd8 12. Bd2 Rd5 13. f4 Rxc5 14. Bxa5
Rxa5 15. Nxc4 Rb5 16. Rc1 Rd5 17. Nc3 Rd8 18. Rd1 Be7 19. Rxd8+ Bxd8 20. Nd6+
Ke7 21. Nxb7 Bb6 22. Rd1 Rb8 23. Nd6 g6 24. Nde4 Ng4 25. Nd5+ Kf8 26. Nxb6 Rxb6
27. b3 Re6 28. h3 Nh6 29. Ng5 Ra6 30. a4 Kg7 31. Rd7 Rb6 32. a5 Rxb3 33. Rxa7
Ra3 34. Ne6+ Kf6 35. Nc7 Nf5 36. a6 Rxe3+ 37. Kf2 Ra3 38. Rb7 Ra4 39. a7 Rxf4+
40. Kg1 Ra4 41. Rb6+ Ke5 42. Ra6 Rxa6 43. Nxa6 Nd4 44. a8=Q 1-0

[Event "UK Armed Forces ch"]
[Site "Wittering"]
[Date "2023.04.15"]
[Round "3.25"]
[White "Peacock, Christopher"]
[Black "Cooper, Liam"]
[Result "0-1"]
[WhiteElo "1041"]
[BlackElo "1463"]
[PlyCount "58"]
[EventDate "2023.04.14"]
[EventType "swiss"]
[EventRounds "7"]
[EventCountry "ENG"]
[SourceVersionDate "2023.04.22"]

1. e4 c6 2. Nc3 d5 3. d4 dxe4 4. Nxe4 Nf6 5. Nxf6+ exf6 6. Nf3 Bd6 7. Bd3 O-O
8. O-O Re8 9. Be3 Nd7 10. c4 c5 11. d5 Ne5 12. b3 Bg4 13. Be2 Qc7 14. Nxe5 Bxe2
15. Qxe2 Bxe5 16. Rad1 Bxh2+ 17. Kh1 Bd6 18. Qf3 Qa5 19. Ra1 Be5 20. Bd2 Qxd2
21. Rad1 Qc3 22. Qxc3 Bxc3 23. d6 Rad8 24. d7 Re7 25. Rd3 Bd4 26. b4 Rexd7 27.
bxc5 Bxc5 28. Rxd7 Rxd7 29. Re1 h6 0-1

[Event "UK Armed Forces ch"]
[Site "Wittering"]
[Date "2023.04.15"]
[Round "3.26"]
[White "Stynes, Peri-Jake"]
[Black "Murray, Thomas"]
[Result "0-1"]
[WhiteElo "1000"]
[BlackElo "1437"]
[PlyCount "122"]
[EventDate "2023.04.14"]
[EventType "swiss"]
[EventRounds "7"]
[EventCountry "ENG"]
[SourceVersionDate "2023.04.22"]

1. e4 d5 2. exd5 Qxd5 3. Nc3 Qd8 4. Nf3 e6 5. Bc4 Nf6 6. a3 Nbd7 7. d4 Bd6 8.
Bg5 O-O 9. d5 e5 10. Ne4 Be7 11. Qe2 Nb6 12. Bb3 Nxe4 13. Bxe7 Qxe7 14. Qxe4
Re8 15. O-O-O Nd7 16. Ba4 Rf8 17. Rhe1 f6 18. Bb3 Qd6 19. h4 Nc5 20. Qe3 Nxb3+
21. Qxb3 b6 22. Nd2 Kh8 23. Ne4 Qd7 24. d6 c6 25. g4 Qxg4 26. d7 Bxd7 27. Nd6
Be6 28. Qg3 Qxg3 29. fxg3 h5 30. Re4 Bd5 31. Ra4 a6 32. Rb4 b5 33. c4 Bf3 34.
Rd2 a5 35. Rb3 e4 36. cxb5 a4 37. Rc3 cxb5 38. Rd4 Rab8 39. Nxe4 Bxe4 40. Rxe4
Rbc8 41. Rxc8 Rxc8+ 42. Kd2 Rc5 43. Kd3 g5 44. Rb4 Kg7 45. Ke4 Kg6 46. Kd4 Re5
47. Kd3 Kf5 48. g4+ Kg6 49. Kd4 hxg4 50. hxg5 Kxg5 51. b3 g3 52. bxa4 bxa4 53.
Rb2 Kf4 54. Kd3 Kf3 55. Rb6 Rf5 56. Re6 Kg4 57. Re4+ Rf4 58. Rxf4+ Kxf4 59. Ke2
g2 60. Kf2 g1=Q+ 61. Kxg1 Ke3 0-1